[Event "Sparkassen-Open A"]
[Site "Heusenstamm, Martinsee"]
[Date "2021.11.20"]
[Round "4.58"]
[White "Niebler, Paul"]
[Black "Plaumann, Arvin"]
[Result "1-0"]
[WhiteElo "1956"]
[BlackElo "1613"]
[PlyCount "103"]
[EventDate "2021.??.??"]
[WhiteTeam "VL Frankfurt"]
[BlackTeam "SF Heidesheim"]

1. e4 e6 2. d4 d5 3. Nc3 Nf6 4. e5 Nfd7 5. f4 c5 6. Nf3 Nc6 7. Be3 b6 8. Qd2 f5
9. Ng5 Qe7 10. Nb5 Kd8 11. Nd6 Kc7 12. Qc3 cxd4 13. Bxd4 h6 14. Ngf7 Rh7 15.
Bb5 Ndb8 16. b4 Kd7 17. Ba4 g6 18. b5 Rxf7 19. bxc6+ Kd8 20. c7+ Qxc7 21. Nxf7+
Qxf7 22. Qe3 Bd7 23. Bb3 Nc6 24. Bb2 Na5 25. O-O Bc5 26. Bd4 Bxd4 27. Qxd4 Bb5
28. Rfd1 Ke8 29. Bxd5 exd5 30. e6 Qe7 31. Qxd5 Bc6 32. Qe5 Qc5+ 33. Qxc5 bxc5
34. Rd3 c4 35. Rg3 Ke7 36. Rxg6 c3 37. Rxh6 Be4 38. Rd1 Rg8 39. Rd7+ Ke8 40.
Rxa7 Nc4 41. g3 Bxc2 42. Ra8+ Ke7 43. Rxg8 Ba4 44. Rc8 Bb5 45. Rc7+ Kd6 46.
Rxc4 Bxc4 47. e7+ Kxe7 48. Rc6 Bxa2 49. Rxc3 Kf6 50. Rc6+ Kg7 51. Rb6 Bd5 52.
Kf2 1-0

[Event "Sparkassen-Open A"]
[Site "Heusenstamm, Martinsee"]
[Date "2021.11.20"]
[Round "4.59"]
[White "Heppert, Lars"]
[Black "Speck, Stefan"]
[Result "0-1"]
[WhiteElo "1833"]
[BlackElo "1928"]
[PlyCount "48"]
[EventDate "2021.??.??"]
[WhiteTeam "SK Neuburg"]
[BlackTeam "SG Solingen"]

1. e4 c5 2. Nf3 e6 3. c3 d5 4. Bd3 dxe4 5. Bxe4 Nf6 6. Bc2 Nc6 7. O-O Be7 8. d3
O-O 9. Re1 b5 10. Bg5 Bb7 11. Nbd2 a6 12. Qe2 h6 13. Bh4 Nd5 14. Bxe7 Qxe7 15.
Ne4 Rac8 16. Rad1 Rfd8 17. Bb1 Nf6 18. Ng3 Qd6 19. d4 cxd4 20. Nxd4 Nxd4 21.
Rxd4 Qc6 22. Ne4 Rxd4 23. cxd4 Nxe4 24. Bxe4 Qxe4 0-1

[Event "Sparkassen-Open A"]
[Site "Heusenstamm, Martinsee"]
[Date "2021.11.20"]
[Round "4.60"]
[White "Eurich, Jannik"]
[Black "Glöckler, Christian"]
[Result "0-1"]
[WhiteElo "1907"]
[BlackElo "1397"]
[PlyCount "86"]
[EventDate "2021.??.??"]
[WhiteTeam "SK Langen"]
[BlackTeam "SC Lindenholzhausen"]

1. e4 c5 2. Nf3 d6 3. d4 cxd4 4. Nxd4 Nf6 5. Nc3 a6 6. Bg5 e6 7. f4 Qc7 8. Qf3
b5 9. O-O-O b4 10. Nce2 Nbd7 11. g4 Bb7 12. Ng3 h6 13. Bxf6 Nxf6 14. h4 Be7 15.
g5 hxg5 16. fxg5 Nd7 17. g6 Bf6 18. Bh3 Rc8 19. Rh2 Nc5 20. gxf7+ Kxf7 21. h5
d5 22. e5 Qxe5 23. Re2 Qg5+ 24. Kb1 Rce8 25. Rde1 Ne4 26. Nxe4 dxe4 27. Qf2 Qe5
28. Rd1 Rxh5 29. Bg2 a5 30. Qe3 Rd8 31. Red2 Rg5 32. c3 Rg3 33. Qe2 bxc3 34.
bxc3 Rb8 35. Rb2 Rxc3 36. Nb5 Bd5 37. Nd4 Rc4 38. Rxb8 Qxb8+ 39. Nb3 a4 40.
Qh5+ Ke7 41. Rxd5 axb3 42. Rb5 b2 43. Rxb8 Rc1# 0-1

[Event "Sparkassen-Open A"]
[Site "Heusenstamm, Martinsee"]
[Date "2021.11.20"]
[Round "4.61"]
[White "Klaska, Philipp Leon"]
[Black "Knödler, Marcel"]
[Result "1/2-1/2"]
[WhiteElo "1745"]
[BlackElo "1857"]
[PlyCount "132"]
[EventDate "2021.??.??"]
[WhiteTeam "Düsseldorfer SV"]
[BlackTeam "Wiesbadener SV"]

1. e4 b6 2. d4 Bb7 3. Bd3 g6 4. Nf3 Bg7 5. O-O e6 6. Bg5 Ne7 7. c3 O-O 8. Nbd2
d6 9. Qe2 Nd7 10. Rfd1 f6 11. Bh4 g5 12. Bg3 Ng6 13. Re1 e5 14. h4 Qe7 15. Nc4
Nf4 16. Bxf4 gxf4 17. h5 Bc8 18. Ncd2 Rd8 19. Ba6 Bxa6 20. Qxa6 Qe8 21. Qc4+
Kh8 22. Qxc7 Nf8 23. Nh4 Rd7 24. Qc4 Qxh5 25. Nf5 d5 26. Qe2 Qxe2 27. Rxe2 exd4
28. cxd4 Re8 29. Rae1 Ng6 30. Kf1 Kg8 31. Nf3 dxe4 32. Rxe4 Rxe4 33. Rxe4 Bf8
34. N3h4 Kf7 35. Ke2 Rc7 36. Kd2 Rd7 37. Kc3 b5 38. Nf3 a5 39. N5h4 Rc7+ 40.
Kd3 Bd6 41. Re2 Rc8 42. Rc2 Rxc2 43. Kxc2 Ke6 44. Kd3 Ne7 45. Nd2 f5 46. Nhf3
Nd5 47. a3 a4 48. Nb1 b4 49. Kc4 bxa3 50. bxa3 Nf6 51. Ng5+ Ke7 52. Kb5 Ne4 53.
Nxe4 fxe4 54. Kxa4 Ke6 55. Kb3 Kd5 56. Kc3 h5 57. Nd2 Bxa3 58. Nc4 Bd6 59. Nd2
h4 60. f3 e3 61. Ne4 Be7 62. Kd3 Bb4 63. Nf6+ Ke6 64. Ne4 Be7 65. Nc3 Bb4 66.
Ne2 Kf5 1/2-1/2

[Event "Sparkassen-Open A"]
[Site "Heusenstamm, Martinsee"]
[Date "2021.11.20"]
[Round "4.62"]
[White "Sittinger, Lutz"]
[Black "Kürschner, Liam"]
[Result "1/2-1/2"]
[WhiteElo "1915"]
[BlackElo "1641"]
[PlyCount "149"]
[EventDate "2021.??.??"]
[WhiteTeam "SK Mainaschaff"]
[BlackTeam "SK Langen"]

1. e4 c5 2. Nf3 g6 3. d4 cxd4 4. Nxd4 Bg7 5. Nc3 Nc6 6. Be3 Nf6 7. Be2 O-O 8.
O-O d5 9. exd5 Nxd5 10. Nxd5 Nxd4 11. Bxd4 Qxd5 12. Bxg7 Qxd1 13. Raxd1 Kxg7
14. Bf3 Be6 15. b3 Rac8 16. c4 Rc7 17. Rfe1 Kf6 18. g3 Bd7 19. Rd4 Bc6 20. Bg4
h5 21. Bh3 b6 22. f4 e6 23. Rd6 Ke7 24. Rd2 Rd8 25. Red1 Rxd2 26. Rxd2 Bb7 27.
Kf2 Bc8 28. Kf3 Ba6 29. Bf1 Bc8 30. Rd4 Bd7 31. Ke3 Kd8 32. a4 Ke7 33. Kd3 Rc8
34. Kc3 Rc7 35. Kb4 f6 36. Bd3 Kf7 37. a5 Bc6 38. axb6 axb6 39. Rd8 e5 40. fxe5
fxe5 41. Rb8 Bf3 42. Rh8 Rc6 43. Rh7+ Kf6 44. Rh8 e4 45. Rf8+ Ke7 46. Rf4 g5
47. Rf5 Ke6 48. Rf8 Ke7 49. Rf5 exd3 50. Rxf3 d2 51. Rf1 Rf6 52. Rd1 Rf2 53. h4
g4 54. Kb5 Rf3 55. b4 Rd3 56. Kxb6 Rd7 57. c5 Kd8 58. c6 Rd4 59. b5 Rd5 60. Ka6
Kc7 61. Ka5 Rd3 62. Kb4 Kb6 63. Kc4 Rd6 64. Kc3 Kxb5 65. Rxd2 Rxc6+ 66. Kb3 Rc5
67. Rf2 Re5 68. Kc2 Re3 69. Rf5+ Kc4 70. Rxh5 Rxg3 71. Rg5 Rg2+ 72. Kb1 Kd3 73.
h5 Ke3 74. h6 Rh2 75. Rxg4 1/2-1/2

[Event "Sparkassen-Open A"]
[Site "Heusenstamm, Martinsee"]
[Date "2021.11.20"]
[Round "4.63"]
[White "Linnemann, Caspar"]
[Black "Bahlo, Jens"]
[Result "1/2-1/2"]
[WhiteElo "1731"]
[BlackElo "1908"]
[PlyCount "116"]
[EventDate "2021.??.??"]
[WhiteTeam "TuS Coswig"]
[BlackTeam "SK Gießen"]

1. e4 c5 2. Nf3 a6 3. d4 cxd4 4. Nxd4 Nf6 5. Nc3 e5 6. Nf3 Bb4 7. Bd2 d6 8. Bd3
Nbd7 9. a3 Bxc3 10. Bxc3 Nc5 11. Nd2 Qc7 12. Bb4 Bg4 13. f3 Be6 14. O-O O-O 15.
Kh1 Na4 16. b3 Nb2 17. Qc1 Nxd3 18. cxd3 Qb6 19. Nc4 Bxc4 20. bxc4 Nd7 21. Rb1
Qc6 22. a4 Rab8 23. Qa3 Nc5 24. Bxc5 dxc5 25. a5 b5 26. axb6 Rxb6 27. Rxb6 Qxb6
28. Ra1 Ra8 29. Qa5 Qb4 30. h3 h5 31. Kh2 h4 32. Ra4 Qxa5 33. Rxa5 Kf8 34. Rxc5
a5 35. Rxe5 a4 36. Rb5 a3 37. Rb1 Ke7 38. Kg1 Kd6 39. d4 Kc6 40. Ra1 Ra4 41.
Kf2 g5 42. Ke2 Rxc4 43. d5+ Kd6 44. Rxa3 Rc2+ 45. Kf1 Rc1+ 46. Kf2 Rd1 47. Ra2
f6 48. Ke3 Re1+ 49. Kd3 Rd1+ 50. Kc3 Rc1+ 51. Rc2 Rb1 52. Kc4 Rb8 53. Kd4 Rb4+
54. Kc3 Rb1 55. Rb2 Rc1+ 56. Rc2 Rb1 57. Kc4 Rd1 58. Kc3 Rb1 1/2-1/2

[Event "Sparkassen-Open A"]
[Site "Heusenstamm, Martinsee"]
[Date "2021.11.20"]
[Round "4.64"]
[White "Hoppstädter, Daniel"]
[Black "Hebauf, Markus"]
[Result "1-0"]
[WhiteElo "1760"]
[BlackElo "1541"]
[PlyCount "39"]
[EventDate "2021.??.??"]
[WhiteTeam "SC Illingen"]
[BlackTeam "Sfr. Kelkheim"]

1. d4 d5 2. c4 c6 3. cxd5 cxd5 4. Bf4 Nc6 5. e3 a6 6. Nf3 Nf6 7. Bd3 g6 8. O-O
Bg7 9. h3 O-O 10. Nbd2 Re8 11. Qb3 Na5 12. Qc3 Qb6 13. Bc7 Qc6 14. Qxa5 Ne4 15.
Rac1 Qe6 16. Bxe4 dxe4 17. Ng5 Qf5 18. Ngxe4 Qxa5 19. Bxa5 e5 20. Nd6 1-0

[Event "Sparkassen-Open A"]
[Site "Heusenstamm, Martinsee"]
[Date "2021.11.20"]
[Round "4.65"]
[White "Mohr, Thomas"]
[Black "Gollon, Sinan"]
[Result "1-0"]
[WhiteElo "1887"]
[BlackElo "1309"]
[PlyCount "53"]
[EventDate "2021.??.??"]
[WhiteTeam "SC FK Babenhausen"]
[BlackTeam "Karlsruher SF"]

1. f4 e5 2. e4 exf4 3. Nf3 Nf6 4. Nc3 d5 5. exd5 Nxd5 6. d4 Nxc3 7. bxc3 Bd6 8.
Bd3 Bg4 9. O-O O-O 10. Rb1 Qc8 11. Be4 c6 12. Qe1 f5 13. Bd3 b5 14. c4 a6 15.
Ne5 Bxe5 16. Qxe5 g5 17. d5 Qe8 18. Qc3 cxd5 19. cxd5 Nd7 20. Bb2 Qg6 21. Rbe1
Qf6 22. Qb3 Qf7 23. Qc3 Qf6 24. Qb4 Qf7 25. Re7 Qh5 26. Rg7+ Kh8 27. Rxg5+ 1-0

[Event "Sparkassen-Open A"]
[Site "Heusenstamm, Martinsee"]
[Date "2021.11.20"]
[Round "4.66"]
[White "Meyer, Marcel"]
[Black "Neidhardt, Helge"]
[Result "1/2-1/2"]
[WhiteElo "1728"]
[BlackElo "2070"]
[PlyCount "73"]
[EventDate "2021.??.??"]
[WhiteTeam "SK Herborn"]
[BlackTeam "SK Marburg"]

1. d4 Nf6 2. c4 e6 3. Nc3 Bb4 4. e3 O-O 5. Nge2 d5 6. a3 Bd6 7. c5 Be7 8. Ng3
b6 9. b4 a5 10. Bb2 c6 11. Bd3 Ba6 12. O-O Bxd3 13. Qxd3 b5 14. Na2 Qc7 15.
Rfb1 a4 16. Nc1 Nbd7 17. Nce2 g6 18. f4 Ne8 19. Bc3 f5 20. Rf1 Nef6 21. Be1 Rf7
22. Nc3 Qb7 23. Ra2 Raf8 24. Nh1 Qb8 25. Bh4 Ne4 26. Bxe7 Rxe7 27. Nf2 Ndf6 28.
Nfxe4 dxe4 29. Qd1 Ra7 30. h3 Qd8 31. g4 Nd5 32. Nxd5 Qxd5 33. Rg2 Rg7 34. Qc2
Kf7 35. Qa2 Rfg8 36. Qxd5 exd5 37. g5 1/2-1/2

[Event "Sparkassen-Open A"]
[Site "Heusenstamm, Martinsee"]
[Date "2021.11.20"]
[Round "4.67"]
[White "Tremöhlen, Thomas"]
[Black "Faber, Lutz"]
[Result "1-0"]
[WhiteElo "1982"]
[BlackElo "1824"]
[PlyCount "101"]
[EventDate "2021.??.??"]
[WhiteTeam "SG Kaarst"]
[BlackTeam "Zwickauer SC"]

1. Nf3 g6 2. e4 Bg7 3. d4 d6 4. Bc4 Nf6 5. Nc3 O-O 6. h3 Nc6 7. Be3 a6 8. a4 e5
9. d5 Ne7 10. Qd2 Bd7 11. a5 Ne8 12. g4 Qc8 13. Bh6 b5 14. Bxg7 Kxg7 15. Be2 c5
16. Nd1 Nf6 17. Qe3 Nexd5 18. exd5 Nxd5 19. Qd2 Bc6 20. Ne3 Qb7 21. Nxd5 Bxd5
22. Qe3 f5 23. O-O-O fxg4 24. hxg4 Bxf3 25. Bxf3 Rxf3 26. Qh6+ Kg8 27. Rxd6 Qg7
28. Qd2 Qf7 29. Rd7 Qa2 30. c3 Qa1+ 31. Kc2 Rxc3+ 32. bxc3 Qxh1 33. Kb2 Rf8 34.
Qe2 Qh2 35. Rd2 Qf4 36. Qd3 c4 37. Qd5+ Kg7 38. Re2 Qxg4 39. Qxe5+ Kh6 40. f3
Qf5 41. Rh2+ Kg5 42. f4+ Kg4 43. Qe2+ Kxf4 44. Rf2+ Kg5 45. Qe7+ Kg4 46. Qxf8
Qxf8 47. Rxf8 h5 48. Rf6 g5 49. Rxa6 h4 50. Rh6 h3 51. a6 1-0

[Event "Sparkassen-Open A"]
[Site "Heusenstamm, Martinsee"]
[Date "2021.11.20"]
[Round "4.68"]
[White "Marzec, Witold"]
[Black "Zimmer, Gerald"]
[Result "0-1"]
[WhiteElo "1706"]
[BlackElo "1941"]
[PlyCount "120"]
[EventDate "2021.??.??"]
[WhiteTeam "VL Bornheim"]
[BlackTeam "SC Bergen-Enkheim"]

1. c4 Nf6 2. d4 e6 3. Nc3 Bb4 4. Bd2 c5 5. e3 cxd4 6. exd4 d5 7. Nf3 O-O 8. a3
Bxc3 9. Bxc3 Nc6 10. cxd5 exd5 11. Be2 Ne4 12. O-O Bg4 13. Nd2 Nxc3 14. bxc3
Bxe2 15. Qxe2 Re8 16. Qf3 Na5 17. Rfe1 Qd6 18. Rxe8+ Rxe8 19. g3 h6 20. Qd3 Qc6
21. h4 Rc8 22. Rc1 Qa4 23. Nb1 Qb3 24. Qc2 Qc4 25. Nd2 Qe2 26. Nb1 Qxc2 27.
Rxc2 Nc4 28. Kf1 Rc6 29. Ke2 Rb6 30. Nd2 Nxa3 31. Ra2 Nb5 32. Kd3 Rc6 33. Nb1
a6 34. Re2 Kf8 35. Re5 Nc7 36. Nd2 f6 37. Re1 b5 38. Nb3 Kf7 39. Na5 Re6 40.
Ra1 Ke7 41. Nb7 h5 42. Nc5 Rb6 43. Ra2 Kf7 44. Ra1 Kg6 45. Ke3 Kf5 46. Kf3 g5
47. Ra2 b4 48. cxb4 gxh4 49. gxh4 Rxb4 50. Nxa6 Nxa6 51. Rxa6 Rxd4 52. Kg3 Rg4+
53. Kh3 Ke5 54. Ra5 Rg7 55. Ra1 d4 56. Ra5+ Ke4 57. Rxh5 d3 58. Rh8 Rd7 59.
Re8+ Kf3 60. Re6 f5 0-1

[Event "Sparkassen-Open A"]
[Site "Heusenstamm, Martinsee"]
[Date "2021.11.20"]
[Round "4.69"]
[White "Burkart, Lloyd Shang"]
[Black "Ehrlacher, Markus"]
[Result "1/2-1/2"]
[WhiteElo "1518"]
[BlackElo "1902"]
[PlyCount "68"]
[EventDate "2021.??.??"]
[WhiteTeam "SV Hofheim"]
[BlackTeam "SC Iffezheim"]

1. d4 d5 2. c4 c6 3. Nf3 Nf6 4. Qc2 dxc4 5. Qxc4 Bf5 6. g3 e6 7. Bg2 Be7 8. O-O
O-O 9. Qb3 Qb6 10. Nc3 Nbd7 11. Re1 Ne4 12. e3 h6 13. Nd2 Qxb3 14. axb3 Nxd2
15. Bxd2 Bc2 16. e4 Bxb3 17. Bh3 Bb4 18. Re3 Nb6 19. Nb1 Bxd2 20. Nxd2 Ba4 21.
b3 Bb5 22. Bf1 Bxf1 23. Kxf1 Rfd8 24. Nf3 a6 25. Ke2 Rd6 26. Rd3 Rad8 27. Rad1
Na8 28. Ng1 Nc7 29. f4 Nb5 30. Nf3 b6 31. Ke3 a5 32. R1d2 Kf8 33. g4 Ke7 34. f5
Rc8 1/2-1/2

[Event "Sparkassen-Open A"]
[Site "Heusenstamm, Martinsee"]
[Date "2021.11.20"]
[Round "4.70"]
[White "Vangsgaard, Claus"]
[Black "Raumanns, Niklas"]
[Result "1-0"]
[WhiteElo "1851"]
[BlackElo "1682"]
[PlyCount "75"]
[EventDate "2021.??.??"]
[WhiteTeam "Vejlby-Risskov"]
[BlackTeam "SC Bergen-Enkheim"]

1. e4 c6 2. d4 d5 3. Nc3 dxe4 4. Nxe4 Nf6 5. Nxf6+ exf6 6. Nf3 Be7 7. Be2 O-O
8. O-O Qb6 9. c3 Re8 10. Qc2 Bg4 11. Be3 Qa5 12. b4 Qh5 13. Bf4 Nd7 14. h3 Qf5
15. Qd2 Bxf3 16. Bxf3 Nb6 17. Be2 Nd5 18. Bh2 Rad8 19. Rfe1 Bf8 20. Bd3 Qd7 21.
Re2 Rxe2 22. Bxe2 Bd6 23. Bxd6 Qxd6 24. g3 g6 25. a4 b6 26. b5 c5 27. dxc5 Qxc5
28. Rd1 Re8 29. Qxd5 Rxe2 30. Qxc5 bxc5 31. Rd7 Rc2 32. Rxa7 Rxc3 33. b6 Rb3
34. a5 c4 35. Rc7 c3 36. b7 c2 37. a6 Kg7 38. Rxc2 1-0

[Event "Sparkassen-Open A"]
[Site "Heusenstamm, Martinsee"]
[Date "2021.11.20"]
[Round "4.71"]
[White "Launert, Martin"]
[Black "Kähm, Kevin"]
[Result "1-0"]
[WhiteElo "1841"]
[BlackElo "1626"]
[PlyCount "63"]
[EventDate "2021.??.??"]
[WhiteTeam "Sfr. Erbach"]
[BlackTeam "SK Bischofsheim"]

1. e4 d6 2. d4 Nf6 3. Nc3 g6 4. f4 Bg7 5. Nf3 Bg4 6. Be3 a5 7. h3 Bxf3 8. Qxf3
c6 9. Bd3 O-O 10. O-O Na6 11. a3 Qc7 12. Ne2 c5 13. c3 c4 14. Bc2 b5 15. e5 Nd7
16. h4 e6 17. h5 f5 18. exf6 Nxf6 19. hxg6 hxg6 20. Bxg6 Nd5 21. Bd2 Ne7 22.
Bc2 Ra7 23. Ng3 Nf5 24. Nxf5 exf5 25. Qd5+ Qf7 26. Qxd6 Rb8 27. Rfe1 Bf8 28.
Qe6 Qxe6 29. Rxe6 Nc7 30. Re5 Rba8 31. Rxf5 b4 32. a4 1-0

[Event "Sparkassen-Open A"]
[Site "Heusenstamm, Martinsee"]
[Date "2021.11.20"]
[Round "4.72"]
[White "Trumpp, Lothar"]
[Black "von Beckh, Frieda"]
[Result "1-0"]
[WhiteElo "1961"]
[BlackElo "1508"]
[PlyCount "107"]
[EventDate "2021.??.??"]
[WhiteTeam "VSG Offenbach"]
[BlackTeam "SK Bad Homburg"]

1. e4 d5 2. Nc3 d4 3. Nce2 e5 4. Ng3 Be6 5. Bb5+ c6 6. Be2 Qd7 7. h3 c5 8. b3
Nc6 9. Nf3 f6 10. Nh2 O-O-O 11. Bg4 Bxg4 12. Qxg4 Nb4 13. Kd1 d3 14. c3 Nc2 15.
Rb1 Ne7 16. Qxd7+ Rxd7 17. Ngf1 b5 18. Nf3 b4 19. Ne1 Nxe1 20. Kxe1 f5 21. f3
f4 22. Bb2 Nc6 23. g3 bxc3 24. dxc3 c4 25. gxf4 exf4 26. Nd2 Ne5 27. Kf1 Bc5
28. Kg2 Be3 29. Nxc4 Nxc4 30. bxc4 Rd6 31. c5 Bxc5 32. c4 Rg6+ 33. Kh2 Rg3 34.
Be5 Rxf3 35. Rb8+ Kd7 36. Bxf4 Rxb8 37. Bxb8 Rf2+ 38. Kg3 Be3 39. Rd1 d2 40.
Be5 Re2 41. Bc3 Re1 42. Rxe1 dxe1=Q+ 43. Bxe1 Kd6 44. Bf2 Bxf2+ 45. Kxf2 g5 46.
Ke3 h5 47. Kd4 h4 48. Ke3 Ke5 49. c5 Ke6 50. Kf3 Ke5 51. Kg4 Kf6 52. Kh5 Ke7
53. Kxg5 Kd7 54. e5 1-0

[Event "Sparkassen-Open A"]
[Site "Heusenstamm, Martinsee"]
[Date "2021.11.20"]
[Round "4.73"]
[White "Schreidl, Michael"]
[Black "Werner, Tom"]
[Result "1/2-1/2"]
[WhiteElo "1598"]
[BlackElo "1780"]
[PlyCount "39"]
[EventDate "2021.??.??"]
[WhiteTeam "SK Frankenthal"]
[BlackTeam "VSG Offenbach"]

1. e4 e6 2. d4 d5 3. Nc3 Nf6 4. Bg5 dxe4 5. Nxe4 Be7 6. Nxf6+ Bxf6 7. Bxf6 Qxf6
8. Bd3 b6 9. Be4 c6 10. Nf3 Bb7 11. O-O Nd7 12. Re1 O-O 13. Qd3 h6 14. c3 Rac8
15. Ne5 Nxe5 16. dxe5 Qe7 17. Rad1 Rfd8 18. Qf3 Rxd1 19. Rxd1 Rd8 20. h3
1/2-1/2

[Event "Sparkassen-Open A"]
[Site "Heusenstamm, Martinsee"]
[Date "2021.11.20"]
[Round "4.74"]
[White "Schellen, Sven"]
[Black "Werner, Rosalie"]
[Result "0-1"]
[WhiteElo "1848"]
[BlackElo "1746"]
[PlyCount "98"]
[EventDate "2021.??.??"]
[WhiteTeam "SV Frankfurt Nord"]
[BlackTeam "VSG Offenbach"]

1. d4 Nf6 2. Nf3 g6 3. c4 Bg7 4. Nc3 d6 5. Bf4 O-O 6. e3 b6 7. Be2 Bb7 8. O-O
Ne4 9. Rc1 Nxc3 10. Rxc3 Nd7 11. Rc1 Rc8 12. Qa4 a6 13. b4 c5 14. bxc5 bxc5 15.
d5 Rb8 16. Rb1 Nf6 17. Qc2 Nh5 18. Bg5 h6 19. Bh4 Qc7 20. Nd2 Nf6 21. Bg3 Rfe8
22. Rb3 Bc8 23. Rfb1 Bd7 24. Rxb8 Rxb8 25. Rb3 Rb6 26. Qb1 Bf5 27. Bd3 Bxd3 28.
Qxd3 Qb7 29. Rxb6 Qxb6 30. Qb3 Nd7 31. Qa4 Qb7 32. h3 Bc3 33. Nf3 Kf8 34. h4
Nf6 35. Qa3 Ne4 36. Bf4 Kg7 37. Qa4 Qb1+ 38. Kh2 Nxf2 39. Ng1 Ng4+ 40. Kg3 Qxg1
41. Qc2 Be1+ 42. Kxg4 h5+ 43. Kh3 Qh1+ 44. Bh2 Bxh4 45. Qe2 Qe1 46. Qf3 Bf6 47.
Bg3 Qh1+ 48. Bh2 Be5 49. g3 Qxf3 0-1

[Event "Sparkassen-Open A"]
[Site "Heusenstamm, Martinsee"]
[Date "2021.11.20"]
[Round "4.76"]
[White "Füssel, Jan Michael"]
[Black "Margaryan, Susanna"]
[Result "1-0"]
[WhiteElo "1799"]
[BlackElo "1517"]
[PlyCount "51"]
[EventDate "2021.??.??"]
[WhiteTeam "VSG Offenbach"]
[BlackTeam "Elmshorner SC"]

1. b3 d5 2. e3 Bf5 3. Nf3 Nf6 4. Bb2 e6 5. Be2 c5 6. O-O Bd6 7. d4 O-O 8. dxc5
Bxc5 9. c4 Nbd7 10. Nc3 dxc4 11. Bxc4 a6 12. Nd4 Bg6 13. Rc1 Bxd4 14. Qxd4 b5
15. Be2 Nb6 16. Qe5 Qd2 17. Ba3 Qd8 18. Bxf8 Qxf8 19. Rfd1 Nfd7 20. Qd6 Qe8 21.
Bf3 Ra7 22. Bc6 h6 23. a4 bxa4 24. Nxa4 Nxa4 25. Bxa4 Bh5 26. Bxd7 1-0

[Event "Sparkassen-Open A"]
[Site "Heusenstamm, Martinsee"]
[Date "2021.11.20"]
[Round "5.1"]
[White "Sumets, Andrey"]
[Black "Hirneise, Jens"]
[Result "1/2-1/2"]
[WhiteElo "2527"]
[BlackElo "2284"]
[PlyCount "97"]
[EventDate "2021.??.??"]
[WhiteTeam "SV Hofheim"]
[BlackTeam "SC Böblingen"]

{[%evp 0,63,31,23,23,-16,44,44,37,33,33,45,38,39,56,27,67,55,59,59,55,37,28,40,
36,35,36,36,36,11,18,23,47,45,75,38,74,70,55,34,34,20,44,43,52,56,72,62,59,57,
57,54,62,38,61,47,50,42,39,36,58,53,68,64,80,93]} 1. d4 Nf6 2. c4 g6 3. Nc3 Bg7
4. e4 d6 5. Nf3 O-O 6. Be2 e5 7. O-O Nc6 8. d5 Ne7 9. a4 a5 {[%emt 0:00:29]}
10. Ne1 Nd7 11. Nd3 b6 12. Nb5 f5 13. f3 Nf6 14. Nf2 Kh8 15. Bd2 Neg8 16. Qc1 {
[%emt 0:02:32]} Rf7 {[%emt 0:06:22]} 17. Ra3 {[%emt 0:02:27]} Qf8 {[%emt 0:02:
34]} 18. exf5 {[%emt 0:12:32]} Bxf5 {[%emt 0:03:59]} 19. b4 {[%emt 0:04:48]}
axb4 {[%emt 0:03:56]} 20. Bxb4 Ne8 {[%emt 0:08:52]} 21. Re1 {[%emt 0:15:15]}
Bd7 {[%emt 0:02:00]} 22. Ne4 {[%emt 0:04:39]} Bh6 {[%emt 0:02:47]} 23. Qb2 {
[%emt 0:00:35]} Bxb5 {[%emt 0:02:47]} 24. axb5 {[%emt 0:07:21]} Rxa3 {[%emt 0:
01:14]} 25. Qxa3 {[%emt 0:00:11]} Ngf6 {[%emt 0:03:30]} 26. Ng3 {[%emt 0:02:04]
} Ng7 {[%emt 0:06:14]} 27. Bf1 {[%emt 0:04:36]} Qd8 28. Ra1 Rf8 {[%emt 0:04:44]
} 29. Be1 {[%emt 0:01:39]} Qd7 {[%emt 0:06:43]} 30. Bf2 {[%emt 0:05:45]} Qf7 {
[%emt 0:08:45]} 31. Qb2 {[%emt 0:00:46]} Rb8 {[%emt 0:09:20]} 32. Ra7 {[%emt 0:
00:16]} Qd7 {[%emt 0:01:13]} 33. Bd3 {[%emt 0:02:31]} Qc8 {[%emt 0:02:41]} 34.
Qa1 {[%emt 0:01:29]} Kg8 {[%emt 0:05:16]} 35. Ne2 {[%emt 0:04:29]} Bd2 {
[%emt 0:01:26]} 36. Qb2 {[%emt 0:01:12]} Ba5 {[%emt 0:02:41]} 37. f4 {[%emt 0:
05:16]} Ng4 {[%emt 0:00:07]} 38. fxe5 {[%emt 0:06:18]} Nxe5 39. Qc2 Ra8 40.
Rxa8 Qxa8 41. Nd4 {[%emt 0:00:46]} Bb4 {[%emt 0:07:38]} 42. Nc6 {[%emt 0:01:00]
} Qa1+ {[%emt 0:02:11]} 43. Bf1 Bc3 {[%emt 0:01:04]} 44. Qe4 {[%emt 0:04:40]}
Nf5 {[%emt 0:06:33]} 45. g4 Nh6 {[%emt 0:06:21]} 46. h3 {[%emt 0:06:45]} Nhf7
47. h4 {[%emt 0:02:16]} Qd1 {[%emt 0:07:49]} 48. Qe2 {[%emt 0:01:04]} Qb1 49.
g5 1/2-1/2

[Event "Sparkassen-Open A"]
[Site "Heusenstamm, Martinsee"]
[Date "2021.11.20"]
[Round "5.2"]
[White "Solonar, Stefan"]
[Black "Suvorov, Alexander"]
[Result "1/2-1/2"]
[WhiteElo "2298"]
[BlackElo "2391"]
[PlyCount "44"]
[EventDate "2021.??.??"]
[WhiteTeam "SC Heusenstamm"]
[BlackTeam "SG Porz"]

{[%evp 0,44,28,-14,-31,-15,-17,-23,-10,-29,-8,-38,-31,-45,24,-6,-2,-3,16,3,2,2,
27,10,11,10,14,17,0,9,16,-17,-5,4,12,21,35,27,28,31,28,26,33,32,32,36,40]} 1.
c4 e5 2. Nc3 Nf6 3. Nf3 Nc6 4. g3 d5 5. cxd5 Nxd5 6. Bg2 Bc5 7. O-O O-O 8. d3
Re8 9. Bd2 Nxc3 10. Bxc3 Nd4 11. b4 Bd6 12. Nxd4 exd4 13. Bxd4 Bxg3 {[%emt 0:
06:25]} 14. hxg3 {[%emt 0:00:50]} Qxd4 {[%emt 0:01:04]} 15. Rc1 {[%emt 0:01:35]
} c6 {[%emt 0:03:41]} 16. Qd2 {[%emt 0:03:14]} Be6 {[%emt 0:25:12]} 17. e3 {
[%emt 0:07:59]} Qf6 {[%emt 0:05:35]} 18. b5 {[%emt 0:03:29]} cxb5 {[%emt 0:02:
34]} 19. Bxb7 {[%emt 0:00:15]} Rab8 {[%emt 0:00:28]} 20. Bg2 {[%emt 0:04:38]}
Red8 {[%emt 0:04:00]} 21. Rc6 {[%emt 0:02:08]} Qe7 {[%emt 0:01:53]} 22. d4 {
[%emt 0:08:07]} Bc4 {[%emt 0:09:51]} 1/2-1/2